| 000 | 00679cac a2200229 a 4500 | ||
|---|---|---|---|
| 003 | Co-PeBPM | ||
| 005 | 20241122214217.0 | ||
| 008 | 231129e1973||||xx |||||||||||||| ||spa|| | ||
| 020 | _a8433592025 | ||
| 040 | 0 |
_aCo-PeBPM _bspa _cCo-PeBPM _erda |
|
| 041 | 0 | _aspa | |
| 082 | 0 | 4 | _a194.092 C965t |
| 100 | 1 |
_aCuénot, Claude _d1911 _eautor |
|
| 245 | 1 | 0 |
_aTeilhard de Chardin _c/ Claude Cuénot |
| 260 |
_aBarcelona, España _b: Labor _c, 1973 |
||
| 300 |
_a186 páginas _c; 16 centímetros |
||
| 600 | 1 | 7 |
_2LEMB _aTeilhard de Chardin, Pierre _d1881-1955 |
| 650 | 1 | 4 |
_2LEMB _aFilosofía francesa |
| 650 | 1 | 4 |
_2LEMB _aFilosofia moderna |
| 650 | 1 | 4 |
_2LEMB _aEvolución |
| 942 |
_2ddc _cBK |
||
| 999 |
_c25127 _d25127 |
||